MARC

LEADER 00000nam2a2200000 4500
001 289259
005 20231102000154.0
035 |a (RuTPU)RU\TPU\book\313764 
035 |a RU\TPU\book\313676 
035 |a RU\TPU\book\313678 
035 |a RU\TPU\book\313736 
090 |a 289259 
100 |a 20150331d1963 k y0rusy50 ca 
101 0 |a rus 
102 |a RU 
105 |a a z 001zy 
200 0 |a № 35 : Металлургия и технология цветных металлов  |f под ред. О. М. Камаевой 
210 |d 1963 
215 |a 336 с.  |c ил. 
320 |a Библиогр. в конце ст. 
461 1 |0 (RuTPU)RU\TPU\book\198125  |t Сборник научных трудов  |f Московский институт цветных металлов  |v № 35 : Металлургия и технология цветных металлов  |d 1938-  
606 1 |a Металлургические процессы (Цветная металлургия)  |x Теория  |2 stltpush  |3 (RuTPU)RU\TPU\subj\42938  |9 62545 
610 1 |a металлургия 
610 1 |a технология 
610 1 |a цветные металлы 
610 1 |a термодинамика 
610 1 |a исследования 
610 1 |a реакции восстановления 
610 1 |a выщелачивание 
610 1 |a гидрометаллургия 
610 1 |a плавка 
610 1 |a свинец 
610 1 |a олово 
610 1 |a алюминий 
610 1 |a гидролиз 
610 1 |a прокаливание 
610 1 |a высаливание 
610 1 |a масс-спектрометрия 
610 1 |a ультразвук 
610 1 |a сплавы 
610 1 |a электролитическое осаждение 
610 1 |a антикоррозионная защита 
610 1 |a антикоррозийное серебрение 
610 1 |a фильтрация 
610 1 |a плавка 
610 1 |a очистка 
675 |a 669.2.05  |v 4 
702 1 |a Камаева  |b О. М.  |4 340 
801 1 |a RU  |b 63413507  |c 20150331 
801 2 |a RU  |b 63413507  |c 20170214  |g RCR 
942 |c BK